Space Invaders Pixel Art #4 - Sudden Death - Statistics

General Stats
  • This quiz has been taken 3,250 times
  • The average score is 34 of 64
Answers on the Grid
Answers color-coded by a green-red scale on the quiz's grid according to % correct below.
 
Answer Stats
Answer % Correct
68%
65%
63%
62%
62%
61%
61%
60%
59%
59%
59%
59%
59%
58%
58%
58%
58%
57%
57%
57%
57%
56%
56%
55%
55%
54%
54%
54%
54%
53%
53%
52%
52%
52%
52%
51%
51%
51%
51%
51%
50%
50%
50%
50%
50%
50%
50%
49%
49%
48%
48%
48%
47%
47%
47%
47%
47%
46%
46%
45%
45%
44%
44%
44%
No matching quizzes found
Score Distribution
Percent of People with Each Score
Percentile by Number Answered
Your Score History
You have not taken this quiz